Life cycle costing for construction (Record no. 90404)

MARC details
000 -LEADER
fixed length control field 00844cam a2200265 4500
008 - FIXED-LENGTH DATA ELEMENTS--GENERAL INFORMATION
fixed length control field 090401t1983 xxu||||| |||| 00| 0 eng d
020 ## - INTERNATIONAL STANDARD BOOK NUMBER
International Standard Book Number 0854061940
035 ## - SYSTEM CONTROL NUMBER
System control number (Sirsi) u36909
041 ## - LANGUAGE CODE
Language code of text/sound track or separate title eng
050 ## - LIBRARY OF CONGRESS CALL NUMBER
Classification number 658.202
090 ## - LOCALLY ASSIGNED LC-TYPE CALL NUMBER (OCLC); LOCAL CALL NUMBER (RLIN)
Classification number (OCLC) (R) ; Classification number, CALL (RLIN) (NR) RICS 1983/21ABCD
100 ## - MAIN ENTRY--PERSONAL NAME
Personal name Flanagan, Roger
245 ## - TITLE STATEMENT
Title Life cycle costing for construction
260 ## - PUBLICATION, DISTRIBUTION, ETC.
Place of publication, distribution, etc. London
Name of publisher, distributor, etc. Surveyors Publications for RICS
Date of publication, distribution, etc. 1983
300 ## - PHYSICAL DESCRIPTION
Extent 127p. 30cm
350 ## - PRICE (NR) (BK AM CF MU VM SE) [OBSOLETE]
Price 0
520 ## - SUMMARY, ETC.
Summary, etc. Sponsored by RICS QS Division. Prepared at the Department of Construction Management, University of Reading.
650 ## - SUBJECT ADDED ENTRY--TOPICAL TERM
Topical term or geographic name entry element LIFE CYCLE COSTING
700 ## - ADDED ENTRY--PERSONAL NAME
Personal name Norman, George
700 ## - ADDED ENTRY--PERSONAL NAME
Personal name Furbur, J. David
700 ## - ADDED ENTRY--PERSONAL NAME
Personal name Townsend, Geoffrey M.
International Standard Serial Number Chairman
710 ## - ADDED ENTRY--CORPORATE NAME
Corporate name or jurisdiction name as entry element Royal Institution of Chartered Surveyors
Subordinate unit Quantity Surveyors' Division
9 (RLIN) 1263
942 ## - ADDED ENTRY ELEMENTS (KOHA)
Suppress in OPAC 0
948 ## - LOCAL PROCESSING INFORMATION (OCLC); SERIES PART DESIGNATOR (RLIN)
c (OCLC) 04/03/1997
Holdings
Withdrawn status Lost status Source of classification or shelving scheme Damaged status Not for loan Home library Current library Shelving location Date acquired Total Checkouts Full call number Barcode Date last seen Copy number Price effective from Koha item type Date last checked out
    Dewey Decimal Classification     Historic collection Historic collection RICS Boxes 27/09/1991   RICS 1983/21 30029353 06/08/2019 1 06/08/2019 Archive  
    Dewey Decimal Classification     London London RICS Boxes 19/08/1991   RICS 1983/21 30017397 06/08/2019 1 06/08/2019 Reference material  
    Dewey Decimal Classification     London London RICS Boxes 14/09/1999 8 RICS 1983/21 30029354 06/08/2019 3 06/08/2019 Book 21/04/2009
    Dewey Decimal Classification     London London RICS Boxes 01/10/1991 2 RICS 1983/21 30029377 06/08/2019 4 06/08/2019 Book 01/03/2005